Páginas escogidas

Guardat en:
Dades bibliogràfiques
Autor principal: Ambrogi, Arturo
Format: Llibre
Idioma:Undetermined
Publicat: San Salvador, El Salvador Ministerio de Cultura 1958
Matèries:
Etiquetes: Afegir etiqueta
Sense etiquetes, Sigues el primer a etiquetar aquest registre!

MARC

LEADER 00000nam a2200000Ia 4500
008 170316s9999 xx 000 0 und d
040 |a cru BVZT 
090 |a 860 A-18p 
100 |a Ambrogi, Arturo  |9 1015 
245 |a Páginas escogidas  |c / Arturo Ambrogi 
260 |a San Salvador, El Salvador  |b Ministerio de Cultura  |c 1958 
300 |a 163 páginas 
650 |a LITERATURA LATINOAMERICANA  |9 15 
999 |c 8306  |d 8306 
942 |c 15 D  |h 860 A-18p  |2 z